00524cam a2200193Ka 4500020001500000020001800015040000800033082002700041245004600068250001100114260004300125300002500168490003000193500003000223500004000253650000800293650001100301700001800312 a1575255545 a9781575255545 cHCO a332 SMI 2006 A078 Or. 04aThe best men's stage monologues of 2006 / a1st ed aHanover, NH :bSmith and Kraus,cc2006 avii, 109 p. ;c20 cm1 aMonologue audition series a"A Smith and Kraus book." aRights and permissions (p. 102-109) 0aMen 0aActing1 aLepidus, D. L